THE 3 MISTAKES OF MY LIFE (Record no. 2645)
[ view plain ]
| 000 -LEADER | |
|---|---|
| fixed length control field | 00637nam a22001457a 4500 |
| 020 ## - INTERNATIONAL STANDARD BOOK NUMBER | |
| ISBN | 978-81-291-3551-3 |
| 082 ## - DEWEY DECIMAL CLASSIFICATION NUMBER | |
| Classification number | 823 |
| Item number | BHA/T |
| 100 ## - MAIN ENTRY--AUTHOR NAME | |
| Personal name | BHAGAT, CHETAN |
| 245 ## - TITLE STATEMENT | |
| Title | THE 3 MISTAKES OF MY LIFE |
| 260 ## - PUBLICATION, DISTRIBUTION, ETC. (IMPRINT) | |
| Place of publication | DELHI |
| Name of publisher | RUPA PUBLICATIONS |
| Year of publication | 2008 |
| 300 ## - PHYSICAL DESCRIPTION | |
| Number of Pages | 257 |
| 520 ## - SUMMARY, ETC. | |
| Summary, etc | In late 2000, a young boy in Ahmedabad dreams of owning a business. To accommodate his friends' passion, he opens a cricket shop. However, nothing comes easy in a turbulent city. To realise their goals, they will have to face it all-religious politics, calamities, unacceptable love and, above all, their own mistakes. |
| 650 ## - SUBJECT ADDED ENTRY--TOPICAL TERM | |
| Topical Term | NOVEL |
| Geographic subdivision | INDIA |
| 942 ## - ADDED ENTRY ELEMENTS (KOHA) | |
| Koha item type | Books |
| Withdrawn status | Lost status | Collection code | Home library | Current library | Shelving location | Date acquired | Source of acquisition | Cost, normal purchase price | Full call number | Accession Number | Koha item type |
|---|---|---|---|---|---|---|---|---|---|---|---|
| Fiction | Main Library | Main Library | SHELF-14B -ALPHABETICAL -B--ENGLISH NOVELS & FICTIONS | 07/11/2016 | purchase | 176.00 | 823 BHA/T | 09834 | Books | ||
| Fiction | Main Library | Main Library | SHELF-14B -ALPHABETICAL -B--ENGLISH NOVELS & FICTIONS | 05/10/2015 | purchase | 176.00 | 823 BHA/T | 03716 | Books |